| 000 | 01633nam a22004217a 4500 | ||
|---|---|---|---|
| 001 | 000095147 | ||
| 003 | CHAP | ||
| 005 | 20220329143058.0 | ||
| 008 | 060131d2005 mx r 00110 spa d | ||
| 010 | _a91613 | ||
| 011 | _a92585 | ||
| 035 | _a103150 | ||
| 040 | _cCHAP | ||
| 090 | _aTesis | ||
| 100 | 1 |
_aRoldán Romano, René. _999433 |
|
| 245 | 1 | 0 |
_aIdentificación de razas fisiológicas de Xanthomonas campestris pv. campestris (Pammel) Dowson, agente causal de la vena negra de las crucíferas / _c/por René Roldán Romano. |
| 260 |
_aChapingo, Méx. : _bEl autor, _c2005. |
||
| 300 | _a27 h. | ||
| 502 | _aTesis (Ing. Agr. Esp. en Parasitología Agrícola) -- UACH. Departamento de Parasitología Agrícola | ||
| 590 |
_aALEPH _b10 _c20130110 _lUCH01 _h1508 |
||
| 590 |
_aBATCH-UPD _b10 _c20130110 _lUCH01 _h0809 |
||
| 590 |
_aBATCH-UPD _b10 _c20130410 _lUCH01 _h0446 |
||
| 590 |
_aBATCH-UPD _b10 _c20130914 _lUCH01 _h1719 |
||
| 590 |
_aBATCH-UPD _b10 _c20140324 _lUCH01 _h1453 |
||
| 590 |
_aBATCH-UPD _b10 _c20141002 _lUCH01 _h0828 |
||
| 590 |
_aCONVERSION _b10 _c20130109 _lUCH01 _h1351 |
||
| 590 |
_aE792CSJ _b10 _c20130612 _lUCH01 _h1406 |
||
| 650 | 1 | 4 |
_aCrucíferas _xEnfermedades. _929246 |
| 650 | 1 | 4 |
_aLegumbres _xEnfermedades por bacterias. _965711 |
| 650 | 1 | 4 |
_aXanthomonas campestris. _9122885 |
| 856 |
_3Finding aid _uhttp://10.13.5.2/tesis/103150.pdf _zTeclea aquí |
||
| 901 | _aBK | ||
| 905 | _aAlejandra carrasco M. | ||
| 942 | _cCD | ||
| 942 | _n0 | ||
| 949 |
_aTesis _bBC _cTES _d00000001031501 _eTS1 _gDonaciØn _h44176 _i103150 _sb |
||
| 949 |
_aTesis _bBC _cTES _d33724000968665 _eTS2 _fc.2 _gDonaciØn _h44177 _i103150 _si |
||
| 999 |
_c91613 _d91613 |
||